00461nam a2200193Ia 4500003000900000008004100009040001300050040001300063041000800076100002200084245005700106250002200163260002300185260000900208300001100217300001000228490002300238490000600261IT-RoPAU120407s9999 xx 000 0 und d aIT-RoPAU cIT-RoPAU aita aAndré Chouraqui aForte come la morte è l’amore. Una autobiografia aCinisello Balsamo aSan Paolo Edizioni c1994 a537 p. c22 cm aTempi e figure, 19 v1